00513nam a2200169Ia 4500003000900000008004100009040001600050080002100066100001900087245008500106260004600191300001600237650002200253650002600275650001900301650002300320IN-BaIIA211028s9999 xx 000 0 eng d cIIA Library a552.5:083.8bTAB aSimpson, G. C. 0aTables for the reduction of meteorological observations in IndiacSimpson G. C.  aCalcuttabGovernment of India Pressc1925 axiii, 111p. aEarth Atmospheres aMeteorological-Tables aNASA Thesaurus aTables-Meteorology